The void: (Record no. 515015)

000 -LEADER
fixed length control field 00338nam a2200121 4500
082 ## - DEWEY DECIMAL CLASSIFICATION NUMBER
Classification number TNC AAx54 Ah51
100 ## - MAIN ENTRY--PERSONAL NAME
Personal name Ahmed, S.Guljar
9 (RLIN) 20084
245 ## - TITLE STATEMENT
Title The void:
Remainder of title the emptiness of universe
260 ## - PUBLICATION, DISTRIBUTION, ETC. (IMPRINT)
Place of publication, distribution, etc Bangalore
Name of publisher, distributor, etc The author
Date of publication, distribution, etc 2005
300 ## - PHYSICAL DESCRIPTION
Extent 128P.
650 ## - SUBJECT ADDED ENTRY--TOPICAL TERM
Topical term or geographic name as entry element Philosophy.
9 (RLIN) 20318
650 ## - SUBJECT ADDED ENTRY--TOPICAL TERM
Topical term or geographic name as entry element Indic prose literature (English)
9 (RLIN) 20319
Holdings
Withdrawn status Lost status Source of classification or shelving scheme Damaged status Koha normalized classification for sorting Not for loan Permanent location Current location Date acquired Full call number Barcode Date last seen Price effective from Koha item type
        TNC_AAX54_AH51   Indian Institute of Public Administration Indian Institute of Public Administration 2021-01-07 TNC AAx54 Ah51 Gr22117 2021-01-07 2021-01-07 GR

Powered by Koha